| 000 | 01168cam a2200313 i 4500 | ||
|---|---|---|---|
| 001 | 768714001 | ||
| 003 | CO-MdFUSB | ||
| 005 | 20230621101940.0 | ||
| 007 | ta | ||
| 008 | 990209t1999 -ne b 001 | eng | ||
| 020 | _a9004113622 | ||
| 040 |
_aDLC _cCO-MdFUSB _dCO-MdFUSB _bspa _erda |
||
| 041 | _aeng | ||
| 082 |
_223 _a224.4066 _bT463r |
||
| 100 | 1 |
_aRenz, Thomas. _eautor |
|
| 245 | 1 | 4 |
_aThe rhetorical function of the book of Ezekiel / _cThomas Renz |
| 264 | 1 |
_aLeiden, Países bajos ; _bE. J. Brill, _c[1999] |
|
| 264 | 4 | _c© 1999 | |
| 300 |
_a298 páginas ; _c24 cm. |
||
| 336 |
_2rdacontent _atexto _btxt |
||
| 337 |
_2rdamedia _asin mediación _bn |
||
| 338 |
_2rdacarrier _avolumen _bnc |
||
| 505 | _aComentarios sobre el Libro de Ezequiel -- El libro de Ezequiel como unidad retórica -- El contexto histórico del libro de Ezequiel -- La disposición y disposición del libro -- Técnicas retóricas utilizadas en el libro para respaldar el argumento -- La eficacia retórica del libro | ||
| 563 | _aRustico | ||
| 630 | 0 | 7 |
_aBiblia. _pEzequiel _xCrítica, interpretación, etc. |
| 942 | _cREF | ||
| 945 | _aMag1104 | ||
| 999 |
_c68938 _d68938 |
||